[Event "FINAL MISTRZOSTW POLSKI JUNIOROW 2018 - GRUPA  D18"]
[Site "Jastrzebia Gora"]
[Date "1899-12-30"]
[Round "4.7"]
[White "Karykowska, Anna"]
[Black "Trybowska, Barbara"]
[Result "1-0"]
[WhiteTitle "k"]
[BlackTitle "I++"]
[WhiteElo "1950"]
[BlackElo "1757"]

1. e4 b6 2. d4 Bb7 3. Nc3 e6 4. Bd3 Bb4 5. Nge2 Nf6 6. a3 Bxc3+ 7. Nxc3 d5 8. e5
Ng8 9. Qg4 g6 10. Bg5 Qd7 11. h4 h6 12. Bd2 Nc6 13. h5 g5 14. f4 f5 15. exf6 Nxf6
16. Bg6+ Ke7 17. Qh3 g4 18. Qd3 Ne4 19. Nxe4 dxe4 20. Bxe4 Rad8 21. O-O-O a5 22.
Bc3 Qd6 23. g3 Rhg8 24. Qe3 Ba8 25. Rhe1 b5 26. d5 1-0

[Event "FINAL MISTRZOSTW POLSKI JUNIOROW 2018 - GRUPA  D18"]
[Site "Jastrzebia Gora"]
[Date "1899-12-30"]
[Round "4.8"]
[White "Gredka, Dominika"]
[Black "Parol, Pola"]
[Result "0-1"]
[WhiteTitle "I++"]
[BlackTitle "k++"]
[WhiteElo "1725"]
[BlackElo "1917"]

1. e4 c5 2. Nf3 d6 3. c3 Nf6 4. Bd3 Nc6 5. h3 d5 6. exd5 Qxd5 7. Bb5 Bf5 8. d4
cxd4 9. Bxc6+ Qxc6 10. cxd4 Bc2 11. Qe2 Bd3 12. Qxd3 Qxc1+ 13. Qd1 Qxb2 14. Nbd2
Qb5 15. Rb1 Qa6 16. Qb3 Rc8 17. Ne5 e6 18. Nec4 b6 19. O-O Be7 20. Ne5 O-O 21.
Rfe1 Qa3 22. Ndc4 Qxb3 23. axb3 b5 24. Na5 Bb4 25. Nac6 Nd5 26. Nxb4 Nxb4 27.
Rec1 Rfd8 28. Rxc8 Rxc8 29. Ra1 Rc7 30. Ra5 a6 31. Ra1 f6 32. Nf3 Rc3 33. Rb1
Kf7 34. Kf1 Rc2 35. Ne1 Rc3 36. Nf3 Ke7 37. Nd2 Rd3 38. Nf3 Rc3 39. Nd2 f5 40.
Nf3 h6 41. Ne5 Kd6 42. Nf3 Kd5 43. Kg1 Nc6 44. Ra1 a5 45. Rb1 Nxd4 46. Nxd4 Kxd4
47. Ra1 Rxb3 48. Rxa5 Rb1+ 49. Kh2 b4 50. Ra7 g5 51. Rd7+ Kc3 52. Rc7+ Kb2 53.
Rh7 Rc1 54. Rxh6 Rc6 55. h4 gxh4 56. Rxh4 b3 0-1

[Event "FINAL MISTRZOSTW POLSKI JUNIOROW 2018 - GRUPA  D18"]
[Site "Jastrzebia Gora"]
[Date "1899-12-30"]
[Round "4.9"]
[White "Szelag, Zuzanna"]
[Black "Stebel, Agata"]
[Result "0-1"]
[WhiteTitle "I++"]
[BlackTitle "k"]
[WhiteElo "1888"]
[BlackElo "1837"]

1. e4 c5 2. Nf3 Nc6 3. d4 cxd4 4. Nxd4 Nf6 5. Nc3 e5 6. Ndb5 d6 7. Bg5 a6 8. Na3
b5 9. Nd5 Be7 10. Bxf6 Bxf6 11. c3 O-O 12. Nc2 Bg5 13. a4 bxa4 14. Rxa4 a5 15.
Bc4 Rb8 16. b3 Kh8 17. O-O g6 18. Qe2 f5 19. f4 exf4 20. Nxf4 fxe4 21. Qxe4 Bf5
22. Qxc6 Bxc2 23. Be6 Bd3 24. Rf3 Bb5 25. Qe4 Bxa4 26. bxa4 Qb6+ 27. Kf1 Qb1+
28. Qxb1 Rxb1+ 29. Ke2 Rxf4 0-1

[Event "FINAL MISTRZOSTW POLSKI JUNIOROW 2018 - GRUPA  D18"]
[Site "Jastrzebia Gora"]
[Date "1899-12-30"]
[Round "4.10"]
[White "Guzik, Natalia"]
[Black "Trusz, Julia"]
[Result "1-0"]
[WhiteTitle "I++"]
[BlackTitle "I+"]
[WhiteElo "1655"]
[BlackElo "1696"]

1. e4 c6 2. d4 d5 3. e5 c5 4. c3 Nc6 5. Nf3 Bg4 6. Be2 e6 7. Nbd2 Nge7 8. a3 Nf5
9. b4 cxb4 10. cxb4 Qb6 11. Bb2 Bxf3 12. Nxf3 Be7 13. O-O O-O 14. Qd2 Rac8 15.
Rac1 a6 16. Kh1 f6 17. g4 Nh6 18. exf6 Bxf6 19. g5 Ng4 20. gxf6 Rxf6 21. Ng5 Nxf2+
22. Kg2 Rcf8 23. Bf3 Ne4 24. Nxe4 dxe4 25. Bxe4 Rxf1 26. Rxf1 Rxf1 27. Kxf1 Qb5+
28. Qd3 Qh5 29. d5 1-0

[Event "FINAL MISTRZOSTW POLSKI JUNIOROW 2018 - GRUPA  D18"]
[Site "Jastrzebia Gora"]
[Date "1899-12-30"]
[Round "4.11"]
[White "Dwilewicz, Agata"]
[Black "Tkaczyk, Weronika"]
[Result "1/2-1/2"]
[WhiteTitle "k"]
[BlackTitle "I++"]
[WhiteElo "1846"]
[BlackElo "1500"]

1. e4 e5 2. Nf3 Nc6 3. Bb5 a6 4. Ba4 Nf6 5. O-O b5 6. Bb3 Be7 7. Re1 O-O 8. c3
d5 9. exd5 Nxd5 10. d4 exd4 11. Nxd4 Nxd4 12. Qxd4 Bb7 13. Bxd5 Bxd5 14. Bf4 c5
15. Qd1 Bg5 16. Be5 Be6 17. Qf3 Qd5 18. Qe2 Rad8 19. Na3 Qc6 20. Qh5 Bd2 21. Red1
Bh6 22. Qe2 Rfe8 23. Rxd8 Rxd8 24. Bg3 Rd2 25. Qe1 Qd7 26. b3 Qd3 27. h3 Qxc3
28. Be5 Qd3 29. Bc7 Qd7 30. Ba5 Rd5 31. Nc2 Bd2 32. Bxd2 Rxd2 33. Ne3 Rd4 34.
Rc1 c4 35. bxc4 bxc4 1/2-1/2

[Event "FINAL MISTRZOSTW POLSKI JUNIOROW 2018 - GRUPA  D18"]
[Site "Jastrzebia Gora"]
[Date "1899-12-30"]
[Round "4.12"]
[White "Pedrak, Paulina"]
[Black "Daliga, Anita"]
[Result "0-1"]
[WhiteTitle "I"]
[BlackTitle "I+"]
[WhiteElo "1446"]
[BlackElo "1634"]

1. e4 e5 2. Nf3 Nc6 3. Bb5 a6 4. Ba4 Bc5 5. O-O b5 6. Bb3 Nf6 7. Re1 O-O 8. c3
d6 9. h3 h6 10. d4 Bb6 11. d5 Ne7 12. a4 bxa4 13. Bxa4 Kh7 14. Nbd2 g5 15. Nc4
Rg8 16. Nxb6 cxb6 17. Nh2 g4 18. hxg4 Nxg4 19. Nxg4 Bxg4 20. f3 Bh3 21. Re2 Ng6
22. g4 h5 23. Rh2 Qh4 24. Bd7 Qg3+ 25. Kh1 Nh4 26. Bf5+ Kh8 27. Qe2 Nxf3 28. Qf2
Qxh2+ 29. Qxh2 Nxh2 30. Kxh2 Bxg4 31. Be3 b5 32. Rf1 Kg7 33. Bg5 Kf8 34. Bh6+
Ke8 35. b4 a5 36. Ra1 a4 37. Be3 Bxf5 38. exf5 Rc8 39. Rc1 Rc4 40. Bf2 Kd7 41.
f6 Rg6 0-1

[Event "FINAL MISTRZOSTW POLSKI JUNIOROW 2018 - GRUPA  D18"]
[Site "Jastrzebia Gora"]
[Date "1899-12-30"]
[Round "4.13"]
[White "Jurkiewicz, Zuzanna"]
[Black "Winter, Anna"]
[Result "1/2-1/2"]
[WhiteTitle "I++"]
[BlackTitle "I++"]
[WhiteElo "1534"]
[BlackElo "1435"]

1. d4 c5 2. d5 Nf6 3. Nc3 e6 4. e4 d6 5. Nf3 exd5 6. exd5 Be7 7. Bc4 O-O 8. O-O
Bf5 9. Bd3 Bxd3 10. Qxd3 Na6 11. Re1 Re8 12. a4 Nc7 13. b3 Qd7 14. Bd2 Na6 15.
Ne4 Nb4 16. Bxb4 cxb4 17. Nfd2 Nxe4 18. Rxe4 Bf6 19. Rae1 Bc3 20. Rxe8+ Rxe8 21.
Rxe8+ Qxe8 22. Qe4 Kf8 23. Qxe8+ Kxe8 24. Ne4 Be5 25. g3 Ke7 26. Kf1 f5 27. Ng5
h6 28. Ne6 Bc3 29. f4 Bf6 30. h4 h5 31. Ke2 Bc3 32. Kf1 1/2-1/2

[Event "FINAL MISTRZOSTW POLSKI JUNIOROW 2018 - GRUPA  D18"]
[Site "Jastrzebia Gora"]
[Date "1899-12-30"]
[Round "4.14"]
[White "Kindler, Karolina"]
[Black "Surpeta, Julia"]
[Result "1-0"]
[WhiteTitle "I++"]
[BlackTitle "I"]
[WhiteElo "1758"]
[BlackElo "1590"]

1. Nf3 g6 2. d4 e6 3. b3 Bg7 4. Bb2 c5 5. e3 cxd4 6. Bxd4 Nf6 7. c4 Nc6 8. Bc3
O-O 9. Qc2 Qc7 10. Qb2 Qd8 11. Nbd2 Re8 12. Bd3 d5 13. cxd5 Nb4 14. Bc4 b5 15.
Bxb5 Bd7 16. Bc4 Rc8 17. O-O Nbxd5 18. Bd4 Nb6 19. Ne5 Re7 20. Nxg6 fxg6 21. Bxf6
Bxf6 22. Qxf6 Rc5 23. Ne4 Rf5 24. Qd4 Qf8 25. Rad1 h5 26. Nc5 Bc8 27. Qd6 Qf7
28. Bd3 Rg5 29. f4 Rg4 30. Be2 Nd5 31. Bxg4 hxg4 32. Rfe1 Nc3 33. Rd2 Kh7 34.
Qe5 Nd5 35. Ne4 Qf8 36. Qg5 Kg7 37. Qxg4 Rf7 38. Ng5 Rf5 39. Qh4 Nf6 40. Red1
Qc5 41. Rd7+ Kg8 42. Rd8+ Kg7 43. Qh8# 1-0

[Event "FINAL MISTRZOSTW POLSKI JUNIOROW 2018 - GRUPA  D18"]
[Site "Jastrzebia Gora"]
[Date "1899-12-30"]
[Round "4.15"]
[White "Przepiora, Anna"]
[Black "Zamarska, Sylwia"]
[Result "1-0"]
[WhiteTitle "I"]
[BlackTitle "I++"]
[WhiteElo "1471"]
[BlackElo "1623"]

1. e4 c6 2. d4 d5 3. Nc3 dxe4 4. Nxe4 Bf5 5. Ng3 Bg6 6. h4 h6 7. Nf3 Nd7 8. h5
Bh7 9. Bd3 Bxd3 10. Qxd3 e6 11. Bd2 Ngf6 12. O-O-O Be7 13. Ne4 Nxe4 14. Qxe4 Nf6
15. Qe2 Qd5 16. c4 Qe4 17. Rde1 Qxe2 18. Rxe2 O-O 19. Ne5 Rfd8 20. Bc3 c5 21.
dxc5 Bxc5 22. g4 Bd4 23. Bxd4 Rxd4 24. Rd1 Rxd1+ 25. Kxd1 Kf8 26. Rd2 Ke7 27.
Rd4 Rc8 28. b4 Rc7 29. Kd2 Nd7 30. Rxd7+ Rxd7+ 31. Nxd7 Kxd7 32. Kd3 Kd6 33. Ke4
a5 34. a3 axb4 35. axb4 f6 36. Kd4 Kc6 37. b5+ Kd6 38. c5+ Kd7 39. Ke4 Ke7 40.
Kd4 Kd7 41. Kc4 Kc7 42. Kb4 Kd7 43. Ka4 Kc8 44. b6 Kd8 45. Kb5 Kd7 46. c6+ Kc8
47. cxb7+ Kxb7 48. Kc5 e5 49. f3 1-0

[Event "FINAL MISTRZOSTW POLSKI JUNIOROW 2018 - GRUPA  D18"]
[Site "Jastrzebia Gora"]
[Date "1899-12-30"]
[Round "5.1"]
[White "Antolak, Julia"]
[Black "Frej, Zofia"]
[Result "1/2-1/2"]
[WhiteTitle "WFM"]
[BlackTitle "k"]
[WhiteElo "2185"]
[BlackElo "2006"]

1. e4 c5 2. Nf3 Nc6 3. d4 cxd4 4. Nxd4 g6 5. Nc3 Bg7 6. Be3 Nf6 7. Bc4 Qa5 8. O-O
O-O 9. h3 Qb4 10. Bb3 Nxe4 11. Nd5 Qa5 12. Nxc6 dxc6 13. Nxe7+ Kh8 14. Nxc8 Raxc8
15. Qf3 f5 16. c3 Rcd8 17. Rad1 Qc7 18. Rxd8 Rxd8 19. Rd1 a6 20. Rxd8+ Qxd8 21.
Qd1 Qxd1+ 22. Bxd1 Kg8 23. Kf1 Kf7 24. Ke2 Ke6 25. Kd3 b5 26. Bf3 c5 27. b3 Nxc3
28. Bxc5 Nxa2 29. Bb7 a5 30. Bc6 Nb4+ 31. Bxb4 axb4 32. Ke4 Ke5+ 1/2-1/2

[Event "FINAL MISTRZOSTW POLSKI JUNIOROW 2018 - GRUPA  D18"]
[Site "Jastrzebia Gora"]
[Date "1899-12-30"]
[Round "5.2"]
[White "Kiolbasa, Oliwia"]
[Black "Krzysztynska, Anna"]
[Result "1-0"]
[WhiteTitle "WIM"]
[BlackTitle "I"]
[WhiteElo "2170"]
[BlackElo "1759"]

1. e4 e5 2. Nf3 Nf6 3. d4 Nxe4 4. Bd3 d5 5. Nxe5 Bd6 6. O-O O-O 7. c4 Bxe5 8. dxe5
Nc6 9. cxd5 Qxd5 10. Qc2 Nb4 11. Bxe4 Nxc2 12. Bxd5 Bf5 13. g4 Bxg4 14. Be4 Nxa1
15. Bf4 f5 16. Bd5+ Kh8 17. Rc1 c6 18. Bg2 Rad8 19. Nc3 Rd4 20. Be3 Rb4 21. Bc5
Rxb2 22. Bxf8 Nc2 23. Rb1 Rxb1+ 24. Nxb1 f4 25. Be4 Nd4 26. Bc5 Ne2+ 27. Kg2 b6
28. Bd6 c5 29. Bf3 Bf5 30. Bxe2 Bxb1 31. e6 Bf5 32. e7 Bd7 33. Bh5 g6 34. Bg4
Bc6+ 35. Bf3 Be8 36. Be5+ Kg8 37. Bd5+ 1-0

[Event "FINAL MISTRZOSTW POLSKI JUNIOROW 2018 - GRUPA  D18"]
[Site "Jastrzebia Gora"]
[Date "1899-12-30"]
[Round "5.3"]
[White "Parol, Pola"]
[Black "Kaczmarska, Joanna"]
[Result "1-0"]
[WhiteTitle "k++"]
[BlackTitle "k"]
[WhiteElo "1917"]
[BlackElo "1979"]

1. e4 e6 2. d4 d5 3. Nd2 Nf6 4. e5 Nfd7 5. Bd3 c5 6. c3 Nc6 7. Ne2 Qb6 8. Nf3 Be7
9. O-O cxd4 10. cxd4 h6 11. a3 g5 12. h3 h5 13. Nxg5 Bxg5 14. Bxg5 Nxd4 15. Be3
Nxe2+ 16. Bxe2 Qd8 17. Qa4 a6 18. Rac1 Rb8 19. Qf4 Nf8 20. Qg3 Ng6 21. Bg5 Qb6
22. Qf3 Qxb2 23. Qf6 Bd7 24. Bd3 Qxe5 25. Bxg6 Qxf6 26. Bxf6 Rh6 27. Be5 Ra8 28.
Bd3 f6 29. Bf4 Rh8 30. Rc7 e5 31. Bd2 e4 32. Bb1 Rg8 33. Kh2 Rc8 34. Rxc8+ Bxc8
35. Ba2 Be6 36. Bb4 Rg7 37. Bc3 Rd7 38. Bxf6 Rc7 39. Bb3 Kd7 40. Rd1 Kd6 41. Bd4
b5 42. Kg3 a5 43. Kf4 Rf7+ 44. Ke3 Rc7 45. Kd2 Rc8 46. Rc1 Rg8 47. Rc5 Rxg2 48.
Rxb5 Rh2 49. Rb6+ Ke7 50. Bc5+ Kf7 51. Rb7+ Kf6 52. h4 Ke5 53. Bb6 Rxh4 54. Bxa5
Rh3 55. Bc7+ Kf5 56. a4 Rd3+ 57. Ke1 Rc3 58. Bb8 e3 59. fxe3 Rxe3+ 60. Kd2 d4
61. Bc2+ Kf6 62. Ba7 Ra3 63. Bxd4+ Kg5 64. Be3+ Kf6 65. Bd4+ Kg5 66. Bb2 Rf3 67.
Be4 Rf8 68. a5 Kf4 69. Bc6 Bc8 70. Rb8 h4 71. a6 Rd8+ 72. Kc3 Rd6 73. Rxc8 h3
74. a7 h2 75. a8=Q 1-0

[Event "FINAL MISTRZOSTW POLSKI JUNIOROW 2018 - GRUPA  D18"]
[Site "Jastrzebia Gora"]
[Date "1899-12-30"]
[Round "5.4"]
[White "Cieslak, Wiktoria"]
[Black "Karykowska, Anna"]
[Result "1-0"]
[WhiteTitle "k++"]
[BlackTitle "k"]
[WhiteElo "1810"]
[BlackElo "1950"]

1. e4 c5 2. Nf3 Nc6 3. d4 cxd4 4. Nxd4 Qb6 5. Nb3 Nf6 6. Bd3 e6 7. c4 Be7 8. O-O
Ne5 9. Nc3 a6 10. Bf4 Nxd3 11. Qxd3 d6 12. Rad1 e5 13. Be3 Qc7 14. Na4 O-O 15.
Nb6 Rb8 16. f3 Be6 17. a4 Nd7 18. Nxd7 Qxd7 19. Nc5 Qc8 20. Nxe6 Qxe6 21. Qd5
Qc8 22. a5 Qc6 23. b4 Rfc8 24. Rc1 h6 25. Rfd1 Qa4 26. Ba7 Ra8 27. Qxb7 Bg5 28.
Rb1 Qa2 29. Bf2 Qxc4 30. Rxd6 Kh7 31. h4 Bf6 32. Rd5 Qa2 33. Rf1 Rf8 34. Bc5 Rfe8
35. Qxf7 Bxh4 36. Qf5+ Kg8 37. Rxe5 Qb2 38. Rxe8+ Rxe8 39. Qd5+ Kh7 40. Qh5 1-0

[Event "FINAL MISTRZOSTW POLSKI JUNIOROW 2018 - GRUPA  D18"]
[Site "Jastrzebia Gora"]
[Date "1899-12-30"]
[Round "5.5"]
[White "Krzywnicka, Maria"]
[Black "Leczek, Weronika"]
[Result "1-0"]
[WhiteTitle "I++"]
[BlackTitle "k"]
[WhiteElo "1861"]
[BlackElo "1831"]

1. e4 c5 2. d3 Nc6 3. g3 g6 4. Bg2 Bg7 5. Nc3 d6 6. Be3 Rb8 7. Qd2 b5 8. Nge2 Nd4
9. O-O h5 10. h4 b4 11. Nd1 Nxe2+ 12. Qxe2 Nf6 13. f3 O-O 14. a3 a5 15. axb4 axb4
16. Qd2 Re8 17. d4 Nd7 18. Nf2 Nb6 19. b3 Qc7 20. Ra2 c4 21. Bh6 Bh8 22. g4 cxb3
23. cxb3 Qc3 24. Qf4 Qxb3 25. Ra5 Bxd4 26. gxh5 Be5 27. Rxe5 dxe5 28. Qxe5 Qc3
29. Qxb8 Nc4 30. Rc1 Qb3 31. Qb5 1-0

[Event "FINAL MISTRZOSTW POLSKI JUNIOROW 2018 - GRUPA  D18"]
[Site "Jastrzebia Gora"]
[Date "1899-12-30"]
[Round "5.6"]
[White "Stebel, Agata"]
[Black "Buchta, Agnieszka"]
[Result "1/2-1/2"]
[WhiteTitle "k"]
[BlackTitle "I++"]
[WhiteElo "1837"]
[BlackElo "1762"]

1. Nf3 Nf6 2. d4 e6 3. c4 Bb4+ 4. Bd2 Qe7 5. g3 O-O 6. Bg2 Nc6 7. O-O Bxd2 8. Nbxd2
d6 9. e4 e5 10. d5 Nd8 11. Ne1 Bg4 12. f3 Bc8 13. b4 Ne8 14. Nd3 f5 15. c5 f4
16. gxf4 exf4 17. e5 dxe5 18. Re1 Qh4 19. Rxe5 Nf7 20. Qe1 Qd8 21. Re7 Nf6 22.
Nxf4 Nxd5 23. Nxd5 Qxd5 24. Qe3 Qh5 25. f4 Bf5 26. Re1 Rad8 27. Ne4 Qg6 28. Ng3
Nh6 29. Bxb7 Rd3 30. Qe2 Bg4 31. Be4 Bxe2 32. Bxg6 hxg6 33. R1xe2 Rxf4 34. Rxc7
Rxb4 35. Ree7 Rb1+ 36. Kf2 Rb2+ 37. Re2 Rxe2+ 38. Kxe2 Ra3 39. Ne4 Rxa2+ 40. Kf3
Nf5 41. Ng5 Kf8 42. Ke4 1/2-1/2

[Event "FINAL MISTRZOSTW POLSKI JUNIOROW 2018 - GRUPA  D18"]
[Site "Jastrzebia Gora"]
[Date "1899-12-30"]
[Round "5.7"]
[White "Kostecka, Marika"]
[Black "Guzik, Natalia"]
[Result "0-1"]
[WhiteTitle "k"]
[BlackTitle "I++"]
[WhiteElo "1975"]
[BlackElo "1655"]

1. e4 c5 2. Nf3 Nc6 3. d4 cxd4 4. Nxd4 g6 5. c4 Nf6 6. Nc3 Nxd4 7. Qxd4 d6 8. c5
Bg7 9. Bb5+ Bd7 10. Bxd7+ Qxd7 11. cxd6 O-O 12. O-O Rfd8 13. Qb4 Qxd6 14. Qxd6
exd6 15. Rd1 Rd7 16. f3 Rad8 17. Bg5 h6 18. Be3 b6 19. Rd2 d5 20. e5 Ne8 21. Rad1
Nc7 22. f4 Bf8 23. Ne4 Be7 24. f5 gxf5 25. Nf6+ Bxf6 26. exf6 Kh7 27. Rd4 Kg6
28. Rh4 Rh8 29. g4 fxg4 30. Rxg4+ Kxf6 31. Bd4+ Kf5 32. h3 Rh7 33. Re1 f6 34.
Rf1+ Ke6 35. Rxf6+ Ke7 36. Rgg6 h5 37. Bc3 Rf7 38. Bb4+ Kd8 39. Rg8+ Ne8 40. Rfg6
Rg7 41. Kh2 Rxg6 42. Rxg6 d4 43. Bd2 d3 44. Kg3 Nd6 45. Rg8+ Kc7 46. Kh4 Ne4 47.
Bf4+ Kb7 48. Rg1 Nf2 49. Bd2 Rd4+ 50. Kg3 Ne4+ 51. Kf3 Nxd2+ 52. Ke3 Rh4 53. Kxd2
Rxh3 54. Rg6 Rh2+ 55. Kxd3 Rxb2 56. Rh6 Rxa2 57. Rxh5 a5 58. Kc4 Rb2 59. Rh7+
Ka6 60. Rh6 a4 61. Rh8 b5+ 62. Kc3 Rb3+ 63. Kc2 Ka5 64. Rh4 Rb4 65. Rh1 a3 66.
Rh8 Rb2+ 67. Kc1 Ka4 68. Rh4+ b4 69. Rh3 Rf2 70. Kb1 b3 71. Rh4+ Kb5 72. Rh5+
Kc4 73. Rh4+ Kd5 74. Rh5+ Ke4 75. Rh4+ Ke3 76. Rh3+ Rf3 0-1

[Event "FINAL MISTRZOSTW POLSKI JUNIOROW 2018 - GRUPA  D18"]
[Site "Jastrzebia Gora"]
[Date "1899-12-30"]
[Round "5.8"]
[White "Borkowska, Zuzanna"]
[Black "Wojcik, Jagoda"]
[Result "1/2-1/2"]
[WhiteTitle "I+"]
[BlackTitle "I++"]
[WhiteElo "1665"]
[BlackElo "1670"]

1. d4 d5 2. Bf4 Nf6 3. e3 e6 4. Nf3 Be7 5. Bd3 O-O 6. O-O Nbd7 7. Nbd2 c5 8. c3
Nh5 9. Bg3 Nxg3 10. hxg3 Qc7 11. dxc5 Nxc5 12. Bc2 Rd8 13. Nb3 e5 14. Nxc5 Bxc5
15. Bb3 Bg4 16. Qc2 Qe7 17. Nh2 Be6 18. Nf3 Qf6 19. e4 d4 20. cxd4 Bxd4 21. Bxe6
Qxe6 22. Nxd4 exd4 23. Qd3 Qb6 24. b3 Rac8 25. Rac1 Rc6 26. Rfd1 h6 27. Rc4 Rcd6
28. Rdc1 Qa5 29. Ra4 Qb6 30. Rac4 a6 31. a4 Rc6 32. Kf1 Rcd6 33. Rc8 Qb4 1/2-1/2

[Event "FINAL MISTRZOSTW POLSKI JUNIOROW 2018 - GRUPA  D18"]
[Site "Jastrzebia Gora"]
[Date "1899-12-30"]
[Round "5.9"]
[White "Daliga, Anita"]
[Black "Dwilewicz, Agata"]
[Result "0-1"]
[WhiteTitle "I+"]
[BlackTitle "k"]
[WhiteElo "1634"]
[BlackElo "1846"]

1. e4 e5 2. Nf3 Nc6 3. Bb5 a6 4. Ba4 Nf6 5. O-O Be7 6. c3 O-O 7. Re1 b5 8. Bc2
d6 9. h3 Nb8 10. d4 Nbd7 11. Nbd2 Re8 12. d5 Bb7 13. Nf1 c6 14. dxc6 Bxc6 15.
Bg5 Nc5 16. Ng3 g6 17. Qd2 Qc7 18. Rad1 Rad8 19. Qe3 Ne6 20. Bxf6 Bxf6 21. Bb3
Nf4 22. Bd5 Qb7 23. Qd2 Bxd5 24. exd5 Bg7 25. Ne2 Nh5 26. Nh2 h6 27. g4 Nf6 28.
Ng3 e4 29. Nhf1 Re5 30. Ne3 Nh7 31. h4 Qe7 32. g5 hxg5 33. Ng4 gxh4 34. Nxe5 Bxe5
35. Nxe4 Qd7 36. f3 h3 37. Re2 Qf5 38. Rf1 Bf4 39. Qc2 Qxd5 40. Rd1 Qh5 41. Rf1
d5 42. Qd3 Qh4 43. Nd2 Nf6 44. Rff2 Nh5 45. Nf1 Bc7 46. Qd4 Nf4 47. Kh1 Qg5 48.
Qe3 Qf6 49. Qe7 Qc6 50. Rd2 Re8 51. Qh4 Qe6 52. Rh2 Kg7 53. Rd4 Rh8 54. Qf2 Ng2
55. f4 Bb6 56. f5 Qf6 57. Ng3 Bxd4 58. Qxd4 Qxd4 59. cxd4 g5 60. Kg1 g4 61. Kf2
Rc8 62. Nh5+ Kh6 63. Nf6 Kg5 64. Nxd5 Rc2+ 65. Kg3 Rd2 66. Rh1 Rxd4 67. Nc7 Rd3+
68. Kh2 Rd2 69. Rb1 Ne3+ 70. Kh1 g3 71. Ne6+ fxe6 72. fxe6 Rd6 73. Rg1 Kg4 74.
a4 Rxe6 75. axb5 g2+ 76. Kh2 Kh4 0-1

[Event "FINAL MISTRZOSTW POLSKI JUNIOROW 2018 - GRUPA  D18"]
[Site "Jastrzebia Gora"]
[Date "1899-12-30"]
[Round "5.10"]
[White "Winter, Anna"]
[Black "Szelag, Zuzanna"]
[Result "1/2-1/2"]
[WhiteTitle "I++"]
[BlackTitle "I++"]
[WhiteElo "1435"]
[BlackElo "1888"]

1. e4 c5 2. Nf3 d6 3. Bb5+ Bd7 4. Bxd7+ Qxd7 5. O-O Nf6 6. Re1 Nc6 7. c3 e6 8.
d4 cxd4 9. cxd4 d5 10. e5 Ne4 11. Nbd2 Nxd2 12. Bxd2 Be7 13. a3 O-O 14. Rc1 f6
15. Bc3 fxe5 16. Nxe5 Nxe5 17. Rxe5 Bd6 18. Re2 Rf6 19. Qd3 Raf8 20. Rce1 Qf7
21. Qd2 Qh5 22. h3 Qf5 23. Bb4 Bf4 24. Qc2 Qxc2 25. Rxc2 Re8 26. g3 Bh6 27. Rc5
Rd8 28. Rc2 Re8 29. Rc5 Rd8 30. Rc2 Re8 31. Rc5 1/2-1/2

[Event "FINAL MISTRZOSTW POLSKI JUNIOROW 2018 - GRUPA  D18"]
[Site "Jastrzebia Gora"]
[Date "1899-12-30"]
[Round "5.11"]
[White "Tkaczyk, Weronika"]
[Black "Kindler, Karolina"]
[Result "0-1"]
[WhiteTitle "I++"]
[BlackTitle "I++"]
[WhiteElo "1500"]
[BlackElo "1758"]

1. Nf3 f5 2. d4 d5 3. e3 Nf6 4. c4 e6 5. Nc3 c6 6. a3 Bd6 7. Bd3 O-O 8. Qc2 Ne4
9. b3 Nd7 10. Be2 Rf6 11. Nxe4 fxe4 12. Nd2 Rg6 13. g3 Nf6 14. f3 Rh6 15. f4 Nh5
16. Nf1 g5 17. Rg1 Ng7 18. Bg4 Qf6 19. Bb2 Rg6 20. fxg5 Rxg5 21. Be2 Nf5 22. O-O-O
Bd7 23. Qc3 c5 24. Kb1 a6 25. Qc2 cxd4 26. exd4 b6 27. Qd2 Rc8 28. Ne3 Qe7 29.
Ka2 Nxe3 30. Qxe3 dxc4 31. Bxc4 b5 32. Be2 Bc6 33. Rc1 Rc7 34. h4 Rf5 35. Bg4
Rf8 36. h5 Bd5 37. Be2 Rfc8 38. g4 Rc2 39. Bd1 Rxb2+ 40. Kxb2 Bxa3+ 41. Ka2 Bxc1
42. Qe2 Qa3+ 43. Kb1 e3 44. g5 Be4+ 0-1

[Event "FINAL MISTRZOSTW POLSKI JUNIOROW 2018 - GRUPA  D18"]
[Site "Jastrzebia Gora"]
[Date "1899-12-30"]
[Round "5.12"]
[White "Trybowska, Barbara"]
[Black "Gredka, Dominika"]
[Result "0-1"]
[WhiteTitle "I++"]
[BlackTitle "I++"]
[WhiteElo "1757"]
[BlackElo "1725"]

1. e4 c5 2. Nf3 d6 3. d4 cxd4 4. Nxd4 Nf6 5. Nc3 a6 6. Be3 e5 7. Nb3 Be6 8. Be2
Be7 9. O-O O-O 10. f3 Nbd7 11. Nd5 Nxd5 12. exd5 Bf5 13. f4 Be4 14. c4 f5 15.
Nd2 exf4 16. Bxf4 Qb6+ 17. Kh1 Nc5 18. Be3 Qxb2 19. Bxc5 dxc5 20. Nxe4 fxe4 21.
Bg4 Rxf1+ 22. Qxf1 Rf8 23. Qe1 Bd6 24. Rb1 Qe5 25. g3 e3 26. Be6+ Kh8 27. Rxb7
e2 28. Bh3 Qe4+ 29. Kg1 Qd4+ 30. Kh1 Qxc4 31. Rb1 Qxd5+ 32. Kg1 Qd4+ 33. Kh1 Qe4+
34. Kg1 c4 35. Bg2 Bc5+ 36. Kh1 Rf1+ 0-1

[Event "FINAL MISTRZOSTW POLSKI JUNIOROW 2018 - GRUPA  D18"]
[Site "Jastrzebia Gora"]
[Date "1899-12-30"]
[Round "5.13"]
[White "Trusz, Julia"]
[Black "Jurkiewicz, Zuzanna"]
[Result "1-0"]
[WhiteTitle "I+"]
[BlackTitle "I++"]
[WhiteElo "1696"]
[BlackElo "1534"]

1. e4 e5 2. Nf3 Nf6 3. Nxe5 d6 4. Nf3 Nxe4 5. d4 d5 6. Bd3 Be7 7. O-O O-O 8. Re1
Nf6 9. h3 Bd6 10. Nbd2 h6 11. Nf1 Be6 12. Ne3 Qc8 13. c3 Nc6 14. Nh2 Ne7 15. Qf3
c6 16. Bd2 b6 17. Nhg4 Nxg4 18. Nxg4 Bxg4 19. hxg4 Ng6 20. g5 Nh4 21. Qh5 Ng6
22. gxh6 Nf4 23. Bxf4 Bxf4 24. hxg7 Kxg7 25. Re7 b5 26. Qg6+ Qd8 1-0

[Event "FINAL MISTRZOSTW POLSKI JUNIOROW 2018 - GRUPA  D18"]
[Site "Jastrzebia Gora"]
[Date "1899-12-30"]
[Round "5.14"]
[White "Pedrak, Paulina"]
[Black "Przepiora, Anna"]
[Result "1/2-1/2"]
[WhiteTitle "I"]
[BlackTitle "I"]
[WhiteElo "1446"]
[BlackElo "1471"]

1. e4 c5 2. Nf3 a6 3. c3 Nf6 4. e5 Nd5 5. d4 cxd4 6. cxd4 e6 7. Bc4 Nb6 8. Bb3
d6 9. O-O Nc6 10. Nc3 dxe5 11. dxe5 Qxd1 12. Rxd1 Be7 13. Be3 Nd7 14. Bf4 O-O
15. Rac1 Rd8 16. h3 Nb6 17. Rxd8+ Bxd8 18. Ne2 Bd7 19. Nfd4 Na5 20. Bd1 Rc8 21.
Rxc8 Nxc8 22. Nc3 Nc6 23. Nxc6 Bxc6 24. Bc2 Kf8 25. Be3 Bb6 26. Bxb6 Nxb6 27.
f4 Nd5 28. Nxd5 Bxd5 29. a3 h6 30. Kf2 Ke7 31. Bb1 1/2-1/2

[Event "FINAL MISTRZOSTW POLSKI JUNIOROW 2018 - GRUPA  D18"]
[Site "Jastrzebia Gora"]
[Date "1899-12-30"]
[Round "5.15"]
[White "Zamarska, Sylwia"]
[Black "Surpeta, Julia"]
[Result "1-0"]
[WhiteTitle "I++"]
[BlackTitle "I"]
[WhiteElo "1623"]
[BlackElo "1590"]

1. d4 g6 2. Nf3 Bg7 3. c4 Nf6 4. Nc3 d6 5. e4 O-O 6. Be2 e5 7. dxe5 dxe5 8. Qxd8
Rxd8 9. Bg5 Re8 10. O-O-O Na6 11. Bxf6 Bxf6 12. Nd5 Bd8 13. a3 Nc5 14. Nc3 a5
15. Rd5 Nd7 16. Rhd1 c6 17. Rxd7 Bxd7 18. Rxd7 Rb8 19. c5 h6 20. Bc4 Re7 21. Rxe7
Bxe7 22. Nxe5 Kg7 23. Bxf7 Bxc5 24. Bc4 Bd4 25. Nd3 b5 26. Ne2 Kf6 27. Ndf4 Rd8
28. Ne6 Rd6 29. N6xd4 bxc4 30. f4 Kf7 31. e5 Rd5 32. Nxc6 Rc5 33. Ncd4 h5 34.
h4 Ke7 35. Kd2 Kd7 36. Kc3 Ke7 37. Ng3 1-0

[Event "FINAL MISTRZOSTW POLSKI JUNIOROW 2018 - GRUPA  D18"]
[Site "Jastrzebia Gora"]
[Date "1899-12-30"]
[Round "6.1"]
[White "Cieslak, Wiktoria"]
[Black "Kiolbasa, Oliwia"]
[Result "0-1"]
[WhiteTitle "k++"]
[BlackTitle "WIM"]
[WhiteElo "1810"]
[BlackElo "2170"]

1. e4 e5 2. Nf3 Nc6 3. d4 exd4 4. Nxd4 Bc5 5. Be3 Qf6 6. c3 Nge7 7. Bc4 Bb6 8.
O-O O-O 9. f4 d5 10. Bxd5 Nxd5 11. exd5 Re8 12. Bf2 Nxd4 13. Bxd4 Re4 14. Bxb6
Qxb6+ 15. Kh1 Qxb2 16. Nd2 Re8 17. Qc1 Qb6 18. Re1 Bf5 19. Nc4 Qc5 20. Ne3 Be4
21. c4 c6 22. a4 Rad8 23. f5 f6 24. h3 cxd5 25. cxd5 Qxc1 26. Raxc1 Bxd5 27. Nxd5
Rxe1+ 28. Rxe1 Rxd5 29. Re7 Rxf5 30. Rxb7 Ra5 31. Rb4 Kf7 32. Kg1 h5 33. Kf2 Ke6
34. Ke3 Kd6 35. Kd3 Kc6 36. Ke3 Re5+ 37. Kf4 Rg5 38. Kf3 Rc5 39. Kg3 a5 40. Rd4
0-1

[Event "FINAL MISTRZOSTW POLSKI JUNIOROW 2018 - GRUPA  D18"]
[Site "Jastrzebia Gora"]
[Date "1899-12-30"]
[Round "6.2"]
[White "Krzywnicka, Maria"]
[Black "Antolak, Julia"]
[Result "0-1"]
[WhiteTitle "I++"]
[BlackTitle "WFM"]
[WhiteElo "1861"]
[BlackElo "2185"]

1. e4 e5 2. Nf3 Nc6 3. Bb5 a6 4. Ba4 b5 5. Bb3 Na5 6. O-O d6 7. d4 exd4 8. Nxd4
Bb7 9. c4 c5 10. Nf3 Be7 11. cxb5 axb5 12. Bd5 Nf6 13. Bxb7 Nxb7 14. Re1 O-O 15.
Nc3 b4 16. Nd5 Re8 17. Nxe7+ Qxe7 18. Bg5 h6 19. Bxf6 Qxf6 20. Qd5 Re7 21. b3
Rae8 22. Nd2 Nd8 23. f3 Re5 24. Qd3 Nc6 25. Nc4 Rg5 26. g3 Nd4 27. Kg2 Rh5 28.
h4 g5 29. hxg5 Rxg5 30. Rh1 d5 31. Nd2 Qe5 32. Rh3 Ne6 0-1